000 00430 a2200169 4500
001 191106
020 _a978-85-395-0052-9
040 _cMagnum
100 _aLarry, H I
240 1 0 _aZac power test drive 10: o mundo aquático de zac
_lpor
245 1 0 _aZac power test drive 10: o mundo aquático de zac
300 _a34
362 0 _a2011
440 1 _aFundamento
697 _aLITERATURA JUVENIL ESTRANGEIRA
942 _cBK
999 _c191106
_d191106